[Event "Stuttgart-chA int"]
[Site "Ditzingen"]
[Date "2009.05.24"]
[Round "7"]
[White "Podbicanin, Abaz"]
[Black "Adler, Alexander"]
[Result "0-1"]
[WhiteElo "1941"]
[BlackElo "1765"]
[PlyCount "54"]
[EventDate "2009.05.21"]
[EventType "swiss"]
[EventRounds "7"]
[EventCountry "GER"]
[SourceTitle "EXT 2018"]
[Source "ChessBase"]
[SourceDate "2017.10.13"]
[SourceVersion "1"]
[SourceVersionDate "2017.10.13"]
[SourceQuality "1"]

1. d4 d6 2. c4 Nf6 3. Nc3 g6 4. e4 Bg7 5. Bg5 0-0 6. Qd2 Re8 7. 0-0-0 Nbd7 8. h3 e5 9. d5 Nc5 10. f3 Bd7 11. h4 a6 12. Qc2 b5 13. b4 Nb7 14. cxb5 axb5 15. Nxb5 Qb8 16. Bxf6 Bxf6 17. Kb2 Nc5 18. Qc4 Qxb5 19. Qxb5 Bxb5 20. Bxb5 Reb8 21. Bc6 Rxb4+ 22. Kc3 Rab8 23. g4 Rb2 24. Ra1 Rg2 25. g5 Be7 26. Nh3 Rbb2 27. h5 Rgc2# 0-1

[Event "Stuttgart-chA int"]
[Site "Ditzingen"]
[Date "2009.05.23"]
[Round "5"]
[White "Podbicanin, Abaz"]
[Black "Schaefer, Michael1111"]
[Result "0-1"]
[WhiteElo "1941"]
[BlackElo "1920"]
[PlyCount "68"]
[EventDate "2009.05.21"]
[EventType "swiss"]
[EventRounds "7"]
[EventCountry "GER"]
[SourceTitle "EXT 2018"]
[Source "ChessBase"]
[SourceDate "2017.10.13"]
[SourceVersion "1"]
[SourceVersionDate "2017.10.13"]
[SourceQuality "1"]

1. e4 d6 2. d4 g6 3. f4 Bg7 4. Nf3 Nf6 5. Bd3 0-0 6. 0-0 c5 7. c3 cxd4 8. cxd4 Nc6 9. Nc3 Bg4 10. Be3 Nd7 11. Be2 e6 12. b3 a6 13. e5 Bxf3 14. Bxf3 d5 15. Rc1 Rc8 16. Na4 b5 17. Nc5 Nxc5 18. Rxc5 Qd7 19. Qd2 Rfe8 20. Rfc1 Bf8 21. R5c2 Ba3 22. Rf1 Rc7 23. Qe2 Rec8 24. Bc1 Nxd4 25. Bxa3 Rxc2 26. Qd3 Nxf3+ 27. Qxf3 Qa7+ 28. Kh1 Rxa2 29. Bc1 Rcc2 30. Be3 Qc7 31. b4 Qc4 32. f5 exf5 33. e6 fxe6 34. Qg3 Qxf1+ 0-1

[Event "Stuttgart-chA"]
[Site "Stuttgart"]
[Date "2004.??.??"]
[Round "?"]
[White "Podbicanin, Abaz"]
[Black "Kunze, Holger"]
[Result "0-1"]
[WhiteElo "1990"]
[BlackElo "2265"]
[PlyCount "64"]
[EventDate "2004.05.20"]
[EventType "swiss"]
[EventRounds "7"]
[EventCountry "GER"]
[SourceTitle "EXT 2007"]
[Source "ChessBase"]
[SourceDate "2006.11.23"]
[SourceVersion "1"]
[SourceVersionDate "2006.11.23"]
[SourceQuality "1"]

1. e4 d5 2. exd5 Qxd5 3. Nf3 Bg4 4. Be2 Nc6 5. Nc3 Qd7 6. 0-0 0-0-0 7. a3 e5 8. d3 Nf6 9. Be3 Be7 10. Nd2 Bxe2 11. Qxe2 Ng4 12. h3 Nxe3 13. fxe3 f5 14. Nc4 Qe6 15. b4 Bf6 16. b5 Ne7 17. a4 e4 18. d4 Rxd4 19. exd4 Bxd4+ 20. Kh1 Bxc3 21. Rad1 g5 22. a5 f4 23. b6 axb6 24. axb6 Nf5 25. Rf3 e3 26. bxc7 Nd4 27. Rxd4 Bxd4 28. Rf1 Kxc7 29. Rb1 Qd5 30. Rd1 Qe4 31. c3 Bc5 32. Nd2 Qc2 0-1